Cartas de la dictadura /
Guardado en:
| Autor Principal: | |
|---|---|
| Formato: | Libro |
| Publicado: |
Buenos Aires :
Bblioteca Nacional Mariano Moreno de la República Argentina,
2015
|
| Materias: | |
| Acceso en línea: | Clic aquí para acceder al libro digital |
| Etiquetas: |
Agregar Etiqueta
Sin Etiquetas, Sea el primero en etiquetar este registro!
|
| LEADER | 01431nam a22002175a 4500 | ||
|---|---|---|---|
| 001 | CEM.cems014760 | ||
| 008 | 130507s2015##################000#0#####d | ||
| 005 | 20250305153725.0 | ||
| 245 | 1 | 0 | |a Cartas de la dictadura / |c Horacio Gonzalez y Otros ... |
| 260 | |a Buenos Aires : |b Bblioteca Nacional Mariano Moreno de la República Argentina, |c 2015 | ||
| 300 | |a 45 p. | ||
| 505 | 0 | |a Esta Exposición contiene cartas enviadas o recibidas por: Alberto Agapito Ledo, Estela Garibotto, Delfor Soto, Patricia Borensztejn, Virginia Giussani, Antonio Jorge Reda, Elena Itatí Risso, Paula Schprejer, Juan Gelman, Miguel Oscar Camejo, Omar David Varela, Monseñor Jerónimo Podesta y Clelia Luro, Paco Urondo y Alicia Raboy, Diana Cruces, Pablo Giussani y Julia Constenla, Orlando Balbo, Liliana Arrastía, Claudia Rofman, Eduardo Anguita, Wanda Fragale, Fernando Nadra, Charo Moreno, Juan José Salinas, Graciela Chein, José Rubén Falbo Vilches, Silvia Asaro, Adelaida Gigli, Ernesto Sabato, Graciela Movia, Carlota Marambio, Laura Giussani | |
| 100 | 1 | |a Gonzalez, Horacio | |
| 082 | 0 | 4 | |a 323.4 |
| 653 | |a Dictadura | ||
| 653 | |a Golpe de estado | ||
| 653 | |a Cartas | ||
| 653 | |a Desaparecidos | ||
| 653 | |a Historia argentina | ||
| 856 | |u https://www.bn.gov.ar/micrositios/admin%5Fassets/issues/files/caceee9123dbe4cd4feaf1d3ef44046f.pdf |y Clic aquí para acceder al libro digital | ||
| 859 | |a CEMS |b BIB. CEMS - 11 de abril |h 323.4 |i G589 |p 27352.17 |t Ej.1 | ||
